Project management and control

Bibliographic Details
Main Author: Day, David W.J
Format: Book
Published: London : Macmillan , 1994
Subjects:

MARC

LEADER 00000cam a2200000 7i4500
001 0000003180
005 20050430.0
020 |a 0333542436 
040 |a INS 
090 0 0 |a HD69.P7   |b D2731 1994 
100 1 |a Day, David W.J. 
245 1 0 |a Project management and control   |c David W.J.Day 
260 |a London :   |b Macmillan ,   |c 1994 
300 |a 191p. 
650 0 0 |a Project management 
999 |a 0000006719   |b BOOK   |c Open Shelf   |e Default branch